000 00465nam a2200181Ia 4500
003 GCL
008 140319s9999 xx 000 0 eng d
040 _aGCL /
_cGCL
082 0 4 _aCC
_b962.16
_bI H
100 1 _aISSA, AHMED
245 1 0 _aHISTOIRE DES BIMARISTANS A L EPOQUE ISLAMIQUE /
_cISSA, AHMED
260 _a[S.N] :
_bPAUL BARBEY ،
_c1928
300 _a116
650 0 4 _aHISTORY
650 0 4 _aCAIRO
650 0 4 _aISLAM - ARCHETICTURE
942 _2ddc
_cBK
999 _c13401
_d13401